00945nas a2200229Ia 4500001001100000003000900011008004100020040001300061040001300074041001300087100004500100210001100145222001100156245008300167250001100250260002800261501008600289300001000375362002700385500026400412650003900676R702/C2763IT-RoPAU151124c99999999xx |||||||||||| ||und|| aIT-RoPAU cIT-RoPAU aFRANCESE aMarcus SolomongCodice Aut. SPICS: 4186 aDEGRES aDegres aDEGRES, N.077 (PRIMAVERA 1994)bTrop Tot Pour un Enseignement De la Semiotique a1a ed. aBRUXELLESbDEGRESc1994 bPaulus - SPICS - Società San Paolo EM (non-commercial uses only)cCopyright2015 a10 p. aN.077 (PRIMAVERA 1994) aTroppo Preato per un Insegnamento della Semiotica: Transdisciplinarità, Verso i Problemi Transdisciplinari, Paradigmi Universali e le Iperdiscipline, Vocazione Positivista, Cambiamento Apportato Dal Paradigma Informativo, Transdisciplinarità della Comunic aSEMIOTICAvPUBBLICAZIONE PERIODICA